Krtovci : bábková hra v 3 dejstvách /

Hlavní autor: Ozábal, Ján, 1914-1981
Jazyk: Slovenština
Vydáno: Martin : Osveta, 1956
Vydání: 1. vyd.
Edice: Bábkové divadlo
Témata:
Fyzický popis: 38 s.
Knihy
Uloženo v:
LEADER 01161nam a22003492a 4500
001 001438697
003 CZ BrMZK
005 20190507135740.0
007 ta
008 141121s1956 xo ar|||||||||d|slo d
040 |a ABA001  |b cze  |c ABA001  |d ABA001  |d PAG001  |d BOA001 
072 7 |a 821.162.4  |x Slovenská literatura  |2 Konspekt  |9 25 
072 7 |a 821-93  |x Literatura pro děti a mládež (beletrie)  |2 Konspekt  |9 26 
080 |a 821.162.4-2  |2 MRF 
080 |a 821-93  |2 MRF 
080 |a (0:82-2)  |2 MRF 
080 |a (0:82-2)792.97  |2 MRF 
100 1 |a Ozábal, Ján,  |d 1914-1981  |7 ola2002152444  |4 aut 
245 1 0 |a Krtovci :  |b bábková hra v 3 dejstvách /  |c Ján Ozábal 
250 |a 1. vyd. 
260 |a Martin :  |b Osveta,  |c 1956 
300 |a 38 s. 
490 1 |a Bábkové divadlo ;  |v zv. 9 
500 |a 1100 výt. 
655 7 |a slovenská dramata  |7 fd133443  |2 czenas 
655 7 |a loutkové hry  |7 fd132777  |2 czenas 
655 7 |a publikace pro děti  |7 fd133156  |2 czenas 
830 0 |a Bábkové divadlo 
910 |a BOA001  |b 2-0362.491 
990 |a BK 
991 |b 201411 
996 7 |b 2618931913  |c 2-0362.491  |l MZK  |r Sklad / do 24 hodin  |n 0  |w 001473650  |u 000010  |a 1  |e BOA001  |j MZK50  |s A